Online
Catalog

Matemáticas : (Record no. 23766)

MARC details
000 -CABECERA
campo de control de longitud fija 00699nam a2200205 a 4500
001 - NÚMERO DE CONTROL
campo de control 000024272
005 - FECHA Y HORA DE LA ÚLTIMA TRANSACCIÓN
campo de control 20200930022851.0
008 - DATOS DE LONGITUD FIJA--INFORMACIÓN GENERAL
campo de control de longitud fija 110125s1961 xxuac r 001 0 spa d
040 ## - FUENTE DE LA CATALOGACIÓN
Centro catalogador/agencia de origen DO-SdBNP
Lengua de catalogación spa
Centro/agencia transcriptor BNPHU
082 ## - NÚMERO DE LA CLASIFICACIÓN DECIMAL DEWEY
Número de clasificación xxxxx
Número de documento/Ítem M478m
049 ## - FONDOS LOCALES (OCLC)
Fondos de biblioteca BNGR
100 1# - ENTRADA PRINCIPAL--NOMBRE DE PERSONA
Nombre de persona McSwain, E. T.
9 (RLIN) 49821
245 10 - MENCIÓN DE TÍTULO
Título Matemáticas :
Resto del título octavo grado /
Mención de responsabilidad, etc. E. T. McSwain , Louis E. Ulrich , Ralph J. Cooke ; traducción Claudio Prieto.
260 ## - PUBLICACIÓN, DISTRIBUCIÓN, ETC.
Lugar de publicación, distribución, etc. Illinois, Estados Unidos :
Nombre del editor, distribuidor, etc. Laidlaw Brothers,
Fecha de publicación, distribución, etc. 1961.
300 ## - DESCRIPCIÓN FÍSICA
Extensión 304 p. :
Otras características físicas il., retrs. ;
Dimensiones 23.5 cm.
500 ## - NOTA GENERAL
Nota general Incluye índice alfabético.
700 1# - PUNTO DE ACCESO ADICIONAL--NOMBRE DE PERSONA
Nombre de persona Ulrich, Louis E.
9 (RLIN) 49822
700 1# - PUNTO DE ACCESO ADICIONAL--NOMBRE DE PERSONA
Nombre de persona Cooke, Ralph J.
9 (RLIN) 49823
700 1# - PUNTO DE ACCESO ADICIONAL--NOMBRE DE PERSONA
Nombre de persona Prieto, Claudio,
Término indicativo de función/relación tr.
9 (RLIN) 49824
Holdings
Estado de retiro Estado de pérdida Restricciones de uso No para préstamo Código de colección Localización permanente Ubicación/localización actual Ubicación en estantería Fecha de adquisición Número de inventario Total de préstamos Signatura topográfica completa Código de barras Fecha visto por última vez Precio válido a partir de Tipo de ítem Koha
        Monografías: Libros y Folletos General General En catalogación 25.01.2011 LF1   xxxxx M478m 24272-10 25.06.2020 25.06.2020 Préstamo en sala

Powered by Koha